000 01277nmc a2200409 a 4500
003 AR-BaBNM
005 20251128211630.0
008 165020s2003 ||||||||||||||000 | spa||
020 _a84-95294-46-X
040 _cAR-BaBNM
245 1 0 _aDictadura y educación
_nTomo 2
250 _a1ª ed.
260 _aMadrid
_bMiño y Dávila
_c2003
300 0 _a323 p.
490 0 _aHistoria de la Educación Latinoamericana
504 _aContiene referencias bibliográficas al final de cada capítulo
610 2 4 _aUniversidad Nacional de Rosario [Argentina]
610 2 4 _aUniversidad Nacional de La Plata
610 2 4 _aUniversidad Nacional de San Luis
610 2 4 _aUniversidad Nacional de Entre Ríos
610 2 4 _aUniversidad Nacional del Comahue
650 4 _aPOLITICA EDUCATIVA
650 4 _aUNIVERSIDADES
650 4 _aESTUDIOS DE CASOS
650 4 _aBIBLIOGRAFIA
650 4 _aMATERIALES DE ENSENANZA
650 4 _aENSENANZA UNIVERSITARIA
651 4 _aArgentina
653 0 _aHISTORIA DE LA UNIVERSIDAD
653 0 _aPOLITICAS UNIVERSITARIAS
653 0 _aDICTADURA MILITAR 1976-1983
700 1 _aKaufmann, Carolina
_edirector
700 1 _aAuderut, Cristina
800 1 _aLozano Seijas, Claudio
942 _cBK
998 _cme-solo cat
999 _c20515
_d20515